[Event "Mecklenburg VP Seniors op 09th"]
[Site "Plau am See"]
[Date "2005.03.15"]
[Round "2"]
[White "Raitza, Egon"]
[Black "Otto, Wilfried"]
[Result "1-0"]
[WhiteElo "1703"]
[BlackElo "1300"]
[PlyCount "39"]
[EventDate "2005.03.14"]
[EventType "swiss"]
[EventRounds "7"]
[EventCountry "GER"]
[SourceTitle "EXT 2006"]
[Source "ChessBase"]
[SourceDate "2005.11.24"]
[SourceVersion "1"]
[SourceVersionDate "2005.11.24"]
[SourceQuality "1"]

1. d4 Nf6 2. Nf3 e6 3. e3 b6 4. Bd3 Bb7 5. Nbd2 c5 6. c3 cxd4 7. exd4 a6 8. 0-0 Be7 9. Re1 d6 10. Qe2 Nbd7 11. Ng5 0-0 12. Ndf3 Re8 13. Bc2 Qc7 14. Nxf7 Kxf7 15. Qxe6+ Kf8 16. Bb3 Bd5 17. Bxd5 Nxd5 18. Qxd5 Bf6 19. Bf4 Be7 20. Rxe7 1-0